Normal view MARC view

Entry Personal Name

Number of records used in: 1

001 - CONTROL NUMBER

  • control field: 10121

003 - CONTROL NUMBER IDENTIFIER

  • control field: DLC

005 - DATE AND TIME OF LATEST TRANSACTION

  • control field: 20231214145522.0

008 - FIXED-LENGTH DATA ELEMENTS

  • fixed length control field: 071119n| acannaabn |n aaa

010 ## - LIBRARY OF CONGRESS CONTROL NUMBER

  • LC control number: n 2007082739

040 ## - CATALOGING SOURCE

  • Original cataloging agency: DLC
  • Language of cataloging: eng
  • Transcribing agency: DLC

100 1# - HEADING--PERSONAL NAME

  • Personal name: Pruzan, Peter

670 ## - SOURCE DATA FOUND

  • Source citation: Pruzan, Peter. Leading with wisdom, 2007:
  • Information found: t.p. (Peter Pruzan) p. 328 (Professor Emeritus at the Department of Management, Politics and Philosophy, Copenhagen Business School, Denmark; Degrees from Princeton, BSc, Harvard, MBA, Case-Western Reserve, PhD and the University of Copenhagen, Dr Polit.)

Powered by Koha